000
00299nam a22001457a 4500
008
210310b ||||| |||| 00| 0 eng d
020
_a
0060166940
041
_a
eng
080
_a
32
082
_a
32
100
_a
21
101
_a
SHP
245
_a
American Originals
_c
Ward,G
942
_2
udc
_c
BK
999
_c
56125
_d
56125